| 000 | 01871nam0a2200337 4500 | ||
|---|---|---|---|
| 001 | RU\NLR\BIBL_A\011400231 | ||
| 005 | 20170921101819.0 | ||
| 010 |
_a978-5-901593-88-2 _930 |
||
| 021 |
_aRU _bКН-П-19-047339 _9КН-П-19-3452 |
||
| 035 | _a(NLR Aleph) 011400231 | ||
| 035 | _a(RuMoRGB)008884894 | ||
| 090 |
_a11503608 _c11503608 |
||
| 100 | _a20170606d2017 u y0rusy50 ca | ||
| 101 | 0 | _arus | |
| 102 | _aRU | ||
| 105 | _ay|||j|||000zy | ||
| 200 | 1 |
_aПроцессуальная деятельность дознавателя _eзадачник _fМинистерство внутренних дел Российской Федерации, Казанский юридический институт, Кафедра уголовного процесса _g[составители: Д.Р. Марданов и др. _gпод редакцией доктора педагогических наук, доцента Ф.К. Зиннурова] |
|
| 210 |
_aКазань _cКазанский юридический институт МВД России _d2017 |
||
| 215 |
_a93 с. _d20 |
||
| 320 | _aБиблиогр. в конце тем | ||
| 606 | 1 |
_aДознание _yРоссийская Федерация _jЗадачники _2nlr_sh1 _2nlr_sh2 _3RU\NLR\AUTH\661253355 |
|
| 686 |
_aХ629.372.101я73-4 _2rubbk |
||
| 686 | 1 | _aХ629.372.1я73-4 | |
| 702 | 1 |
_aМарданов _bД. Р. _gДамир Рустамович _3RU\NLR\AUTH\770176218 _4220 |
|
| 702 | 1 |
_aЗиннуров _bФ. К. _f1959- _gФоат Канафиевич _3RU\NLR\AUTH\77111037 _4340 |
|
| 712 | 0 | 2 |
_aКазанский юридический институт _bКафедра уголовного процесса _3RU\NLR\AUTH\880448750 _4570 |
| 942 | _cBOOK | ||
| 980 | _aNB | ||